[Event "III Open del Salento A"]
[Site "Gallipoli ITA"]
[Date "2014.05.18"]
[Round "3"]
[White "Blagojevic, Dragisa"]
[Black "Lyell, Mark"]
[WhiteElo "2518"]
[BlackElo "2228"]
[Result "1-0"]
[PlyCount "91"]
[EventDate "2014.05.17"]

1. d4 e6 2. Nf3 f5 3. g3 Nf6 4. Bg2 Be7 5. O-O O-O 6. b3 a5 7. a3 d6 8. Bb2 Qe8
9. Nbd2 Nc6 10. e3 Bd7 11. Qe2 Qh5 12. e4 fxe4 13. Nxe4 e5 14. Qc4+ Kh8 15.
dxe5 dxe5 16. Rae1 Bg4 17. Nxe5 Nxe5 18. Bxe5 Qxe5 19. Nxf6 Qxf6 20. Qxg4 Bxa3
21. Bxb7 Rad8 22. Re2 Bc5 23. Be4 Bb6 24. Kg2 a4 25. bxa4 Rd4 26. a5 Bxa5 27.
Qh5 h6 28. Qxa5 Rxe4 29. Rxe4 Qf3+ 30. Kg1 Qxe4 31. Qxc7 Qf5 32. Qc4 h5 33. h4
Rf6 34. Qd3 Qc5 35. Qe2 Rf8 36. Rd1 Rf5 37. c4 Kh7 38. Qc2 Kg8 39. Rd8+ Kf7 40.
Rd7+ Kg8 41. Qb2 Re5 42. Qb8+ Kh7 43. Qb1+ Kh6 44. Qc1+ Kh7 45. Qc2+ Kh6 46.
Qd2+ 1-0

[Event "III Open del Salento A"]
[Site "Gallipoli ITA"]
[Date "2014.05.18"]
[Round "3"]
[White "Callier, Christophe"]
[Black "Bongartz, Philipp"]
[WhiteElo "2077"]
[BlackElo "2173"]
[Result "1-0"]
[PlyCount "21"]
[EventDate "2014.05.17"]

1. e4 c5 2. Nf3 Nf6 3. e5 Nd5 4. Nc3 e6 5. Nxd5 exd5 6. d4 Nc6 7. c3 d6 8. Bb5
Bg4 9. Qa4 Qb6 10. dxc5 dxc5 11. Bxc6+ 1-0

[Event "III Open del Salento A"]
[Site "Gallipoli ITA"]
[Date "2014.05.18"]
[Round "3"]
[White "Delfino, Luigi"]
[Black "Fasiello, Andrea"]
[WhiteElo "2212"]
[BlackElo "1968"]
[Result "1-0"]
[PlyCount "98"]
[EventDate "2014.05.17"]

1. e4 e5 2. Nf3 Nc6 3. Bc4 Bc5 4. c3 Nf6 5. d3 d6 6. Bb3 O-O 7. Bg5 Qe7 8. Nbd2
a6 9. Nf1 Be6 10. Bc2 d5 11. Qe2 dxe4 12. dxe4 Rad8 13. Ne3 Rd7 14. Nc4 Bg4 15.
h3 Bh5 16. O-O Rfd8 17. Rfd1 Rxd1+ 18. Rxd1 Rxd1+ 19. Bxd1 h6 20. Bh4 Bg6 21.
b4 Ba7 22. Nfd2 Nb8 23. a4 c6 24. Kf1 Nbd7 25. Qd3 Bb8 26. Bg4 Nf8 27. Qf3 Nxg4
28. Bxe7 Nh2+ 29. Ke2 Nxf3 30. Kxf3 Nd7 31. a5 f6 32. Bd6 Bf7 33. Bxb8 Bxc4 34.
Nxc4 Nxb8 35. Nd6 Nd7 36. Nxb7 Kf8 37. Nd8 Nb8 38. Ne6+ Kf7 39. Nc5 Ke7 40. h4
g6 41. h5 gxh5 42. Kg3 Kf7 43. Kh4 Kg6 44. g3 Kg7 45. Kxh5 Kh7 46. f3 Kg7 47.
c4 Kh7 48. Ne6 Nd7 49. Nc7 Nb8 1-0

[Event "III Open del Salento A"]
[Site "Gallipoli ITA"]
[Date "2014.05.18"]
[Round "3"]
[White "Hiller, Wieland"]
[Black "Walton, Alan J."]
[WhiteElo "1951"]
[BlackElo "2118"]
[Result "1/2-1/2"]
[PlyCount "76"]
[EventDate "2014.05.17"]

1. d4 e6 2. Nf3 f5 3. g3 Nf6 4. Bg2 Be7 5. O-O O-O 6. c4 d6 7. Nc3 Ne4 8. Qc2
Nxc3 9. Qxc3 a5 10. b3 Nc6 11. Rd1 Bf6 12. Qd2 e5 13. dxe5 dxe5 14. Qxd8 Rxd8
15. Rxd8+ Nxd8 16. Bb2 Nf7 17. e4 a4 18. Nd2 c6 19. exf5 Bxf5 20. Ne4 axb3 21.
axb3 Rxa1+ 22. Bxa1 Bxe4 23. Bxe4 Ng5 24. f3 Kf7 25. Kf2 Nxe4+ 26. fxe4 Ke6 27.
Bb2 Be7 28. h3 Bc5+ 29. Ke2 b6 30. Bc3 Bd4 31. Bb4 Kf6 32. Kf3 h5 33. g4 hxg4+
34. hxg4 g6 35. Be1 Ke6 36. Ke2 Kd6 37. Bh4 Ke6 38. Be1 Kd6 1/2-1/2

[Event "III Open del Salento A"]
[Site "Gallipoli ITA"]
[Date "2014.05.18"]
[Round "3"]
[White "Ledger, Andrew J."]
[Black "Di Fonzo, Valerio"]
[WhiteElo "2392"]
[BlackElo "2156"]
[Result "1/2-1/2"]
[PlyCount "59"]
[EventDate "2014.05.17"]

1. c4 e5 2. g3 Nc6 3. Nc3 g6 4. Bg2 Bg7 5. d3 Nf6 6. e4 d6 7. Nge2 Bg4 8. h3
Be6 9. O-O Qc8 10. Kh2 h5 11. Nd5 h4 12. g4 Nd4 13. Nxd4 exd4 14. f4 c6 15.
Nxf6+ Bxf6 16. f5 Be5+ 17. Kh1 gxf5 18. gxf5 Bd7 19. Bf4 Qc7 20. Qd2 f6 21.
Bxe5 dxe5 22. Bf3 O-O-O 23. Rg1 Rdg8 24. Rg2 Be8 25. Rag1 Qh7 26. Qb4 Rxg2 27.
Rxg2 Rg8 28. Bg4 Qc7 29. Bf3 Rxg2 30. Bxg2 1/2-1/2

[Event "III Open del Salento A"]
[Site "Gallipoli ITA"]
[Date "2014.05.18"]
[Round "3"]
[White "Levin, Felix"]
[Black "Longson, Alexander"]
[WhiteElo "2489"]
[BlackElo "2338"]
[Result "1-0"]
[PlyCount "67"]
[EventDate "2014.05.17"]

1. d4 d5 2. c4 e6 3. Nc3 c6 4. e3 Nf6 5. Nf3 Nbd7 6. Bd3 dxc4 7. Bxc4 b5 8. Be2
Bd6 9. O-O O-O 10. a3 Bb7 11. Ng5 a6 12. Nge4 Nxe4 13. Nxe4 Bxh2+ 14. Kxh2 Qh4+
15. Kg1 Qxe4 16. Bd2 Qh4 17. Rc1 Rac8 18. Bf3 Ba8 19. Bb4 Rfe8 20. Bd6 f5 21.
Rc3 Qf6 22. Qb3 Kh8 23. Qc2 e5 24. dxe5 Nxe5 25. Bxe5 Rxe5 26. b4 g5 27. Rc1 g4
28. Bxc6 Bxc6 29. Rxc6 Rxc6 30. Qxc6 Kg7 31. g3 Re6 32. Qd5 Kh6 33. Rc7 Qg6 34.
Qd8 1-0

[Event "III Open del Salento A"]
[Site "Gallipoli ITA"]
[Date "2014.05.18"]
[Round "3"]
[White "Nelson, Jonathan P."]
[Black "Hegarty, Sarah N."]
[WhiteElo "2228"]
[BlackElo "2100"]
[Result "1-0"]
[PlyCount "55"]
[EventDate "2014.05.17"]

1. e4 c5 2. c3 d5 3. exd5 Qxd5 4. d4 g6 5. Nf3 Bg7 6. Be3 cxd4 7. cxd4 Nf6 8.
Nc3 Qa5 9. Bc4 O-O 10. O-O Bg4 11. h3 Bxf3 12. Qxf3 Nc6 13. Rfd1 Qb4 14. Qe2
Rac8 15. a3 Qa5 16. Ba2 Ne8 17. d5 Nd8 18. Bg5 Nd6 19. Qxe7 Qb6 20. Bf4 Nc4 21.
Bxc4 Rxc4 22. Bd6 Qxb2 23. Ne4 Kh8 24. Rab1 Qc2 25. f3 Qa4 26. Be5 Qe8 27.
Bxg7+ Kxg7 28. Qxe8 1-0

[Event "III Open del Salento A"]
[Site "Gallipoli ITA"]
[Date "2014.05.18"]
[Round "3"]
[White "Nepi, Ezio"]
[Black "Bernabei, Alberto"]
[WhiteElo "1966"]
[BlackElo "1932"]
[Result "1-0"]
[PlyCount "89"]
[EventDate "2014.05.17"]

1. d4 f5 2. Nf3 Nf6 3. g3 e6 4. Bg2 d5 5. c4 c6 6. Qc2 Bd6 7. O-O O-O 8. Nc3 b6
9. Rb1 Qe7 10. a3 Ne4 11. b4 Nxc3 12. Qxc3 dxc4 13. Qxc4 Ba6 14. Qb3 Bb7 15.
Ng5 Re8 16. e4 h6 17. Nh3 Qf7 18. exf5 exf5 19. Qxf7+ Kxf7 20. Bf4 Bxf4 21.
Nxf4 g5 22. Nd3 Nd7 23. b5 Rac8 24. Rbc1 Re6 25. bxc6 Rexc6 26. Bxc6 Rxc6 27.
Rxc6 Bxc6 28. Rc1 Be4 29. Ne5+ Ke6 30. Nxd7 Kxd7 31. f4 gxf4 32. gxf4 b5 33.
Rc5 Bd3 34. Kf2 Ke6 35. Ke3 Bc4 36. Kd2 h5 37. Kc3 Bf1 38. d5+ Kd6 39. Kd4 a5
40. Rc6+ Kd7 41. Kc5 a4 42. d6 h4 43. Rc7+ Kd8 44. Rh7 h3 45. Kc6 1-0

[Event "III Open del Salento A"]
[Site "Gallipoli ITA"]
[Date "2014.05.18"]
[Round "3"]
[White "O'Driscoll, Kieran"]
[Black "Livesey, R. Nigel"]
[WhiteElo "2119"]
[BlackElo "1898"]
[Result "1/2-1/2"]
[PlyCount "37"]
[EventDate "2014.05.17"]

1. d4 e6 2. c4 f5 3. g3 Nf6 4. Bg2 c6 5. Nc3 Be7 6. Nh3 d5 7. Nf4 Bd7 8. Nd3
O-O 9. O-O Kh8 10. b3 a5 11. Bb2 Bd6 12. e3 Be8 13. Qc2 Qe7 14. Rae1 Na6 15. c5
Bc7 16. a3 Nb8 17. f3 Bg6 18. Qe2 Nbd7 19. f4 1/2-1/2

[Event "III Open del Salento A"]
[Site "Gallipoli ITA"]
[Date "2014.05.18"]
[Round "3"]
[White "Paolillo, Gaia"]
[Black "Sansonetti, Giorgio"]
[WhiteElo "1914"]
[BlackElo "2019"]
[Result "0-1"]
[PlyCount "70"]
[EventDate "2014.05.17"]

1. e4 e6 2. d4 c5 3. Nf3 Be7 4. Nc3 b6 5. g3 Bb7 6. Bg2 Nf6 7. e5 Ne4 8. Nxe4
Bxe4 9. O-O f5 10. Re1 Nc6 11. c3 O-O 12. Kh1 Qc8 13. a3 Qb7 14. Be3 Rac8 15.
b4 cxb4 16. axb4 a5 17. bxa5 Nxa5 18. Bd2 Nc4 19. Rg1 Nxd2 20. Nxd2 Bxg2+ 21.
Rxg2 Rxc3 22. Nb3 Rfc8 23. Rc1 Qd5 24. Rxc3 Rxc3 25. Nc1 b5 26. Ne2 Ra3 27. h3
Qa8 28. Kh2 b4 29. g4 Ra1 30. Qd3 fxg4 31. Qg3 Qf3 32. Qxg4 Qxg4 33. hxg4 b3
34. Rg1 Rxg1 35. Kxg1 Bb4 0-1

[Event "III Open del Salento A"]
[Site "Gallipoli ITA"]
[Date "2014.05.18"]
[Round "3"]
[White "Pizzuto, Samuele Tullio"]
[Black "Inguscio, Giorgio"]
[WhiteElo "2062"]
[BlackElo "1957"]
[Result "1/2-1/2"]
[PlyCount "100"]
[EventDate "2014.05.17"]

1. d4 b6 2. Bg5 d5 3. e3 Nf6 4. Nd2 g6 5. Bd3 Bg7 6. f4 c5 7. c3 O-O 8. Ngf3
Nc6 9. O-O Qc7 10. Ne5 Bb7 11. Qf3 Rad8 12. Rae1 Ne8 13. Nxc6 Bxc6 14. Qh3 Nf6
15. Qh4 Rde8 16. Bh6 Ne4 17. Bxe4 dxe4 18. Bxg7 Kxg7 19. f5 f6 20. Qg4 e5 21.
dxc5 Qb7 22. Nc4 Rd8 23. Nd6 Qa6 24. fxg6 hxg6 25. Rd1 bxc5 26. Nf5+ Kf7 27.
Nh4 Rxd1 28. Qxg6+ Ke6 29. Qf5+ Kd6 30. Rxd1+ Kc7 31. Qg4 Qxa2 32. Nf5 Rg8 33.
Qh4 Rg5 34. Qf2 Ba4 35. Rf1 Bb5 36. Rd1 Ba4 37. Re1 Bd7 38. Ng3 f5 39. Qd2 Bb5
40. Qf2 Qe6 41. h4 Rg4 42. Nxf5 Bd7 43. Rf1 Bb5 44. Rd1 Bd3 45. b4 cxb4 46.
cxb4 Kb7 47. Rc1 Rg8 48. Nd6+ Kb6 49. Qf7 Rxg2+ 50. Kxg2 Qg4+ 1/2-1/2

[Event "III Open del Salento A"]
[Site "Gallipoli ITA"]
[Date "2014.05.18"]
[Round "3"]
[White "Richardt, Mike"]
[Black "Ledger, Stephen C."]
[WhiteElo "1974"]
[BlackElo "2077"]
[Result "1/2-1/2"]
[PlyCount "47"]
[EventDate "2014.05.17"]

1. d4 Nf6 2. c4 c5 3. e3 g6 4. Nf3 Bg7 5. Nc3 O-O 6. Be2 cxd4 7. Nxd4 Nc6 8.
O-O d6 9. a3 Bd7 10. b4 Rc8 11. Bb2 a6 12. Rc1 h5 13. h3 Nxd4 14. Qxd4 Ne8 15.
Qd2 Nc7 16. Nd5 Bxb2 17. Qxb2 Nxd5 18. cxd5 Qb6 19. Rxc8 Rxc8 20. Rc1 Rxc1+ 21.
Qxc1 a5 22. Qc3 axb4 23. axb4 Bb5 24. Bxb5 1/2-1/2

[Event "III Open del Salento A"]
[Site "Gallipoli ITA"]
[Date "2014.05.18"]
[Round "3"]
[White "Rudolf, Anna"]
[Black "D'Amore, Carlo"]
[WhiteElo "2292"]
[BlackElo "2493"]
[Result "0-1"]
[PlyCount "144"]
[EventDate "2014.05.17"]

1. e4 e5 2. Nf3 Nc6 3. Bc4 Bc5 4. d3 Nf6 5. O-O d6 6. c3 Qe7 7. b4 Bb6 8. Nbd2
Nd8 9. Bb3 c6 10. Nc4 Bc7 11. Re1 Be6 12. Ne3 g6 13. a4 a6 14. a5 Bxb3 15. Qxb3
Ne6 16. Nc4 O-O 17. Be3 Kg7 18. Bb6 Nd7 19. Bxc7 Nxc7 20. d4 Nb5 21. Rad1 Rfe8
22. Nb6 Nxb6 23. axb6 exd4 24. c4 Nc3 25. Rxd4 c5 26. Rd3 Nxe4 27. Rde3 f5 28.
Nd2 Qf6 29. Nxe4 Rxe4 30. Rxe4 fxe4 31. Qe3 cxb4 32. Qxe4 Rf8 33. f3 Rf7 34.
Qd5 Qc3 35. Kf2 b3 36. Re3 Qb2+ 37. Re2 Qf6 38. Qd2 Qh4+ 39. Kg1 Qxc4 40. Qb2+
Kh6 41. Re4 Qc5+ 42. Kf1 Qb5+ 43. Ke1 Qa5+ 44. Kf1 Rf5 45. Qc1+ Kg7 46. Qc7+
Rf7 47. Qxd6 Qa1+ 48. Kf2 Qb2+ 49. Re2 Qf6 50. Qb4 Rd7 51. Qxb3 Qd4+ 52. Qe3
Kf6 53. Qxd4+ Rxd4 54. Rb2 Ke5 55. Ke3 Ra4 56. Rb3 Kd5 57. f4 h5 58. Kf3 Rc4
59. g4 hxg4+ 60. Kxg4 a5 61. Kg5 Rb4 62. Rd3+ Kc5 63. Kxg6 Rxf4 64. Kg5 Rf8 65.
Rb3 a4 66. Rb1 Rg8+ 67. Kf5 Rh8 68. Ra1 Kb4 69. Rb1+ Ka5 70. Rb2 Rh6 71. Kg5
Rxb6 72. Re2 a3 0-1

[Event "III Open del Salento A"]
[Site "Gallipoli ITA"]
[Date "2014.05.18"]
[Round "3"]
[White "Zhang, Fan"]
[Black "Ledger, David J."]
[WhiteElo "2102"]
[BlackElo "2224"]
[Result "0-1"]
[PlyCount "148"]
[EventDate "2014.05.17"]

1. d4 Nf6 2. Nf3 g6 3. Bf4 Bg7 4. e3 d6 5. h3 O-O 6. Be2 Nfd7 7. c3 e5 8. dxe5
dxe5 9. Bg5 f6 10. Bc4+ Kh8 11. Bh4 Qe7 12. e4 Nc5 13. Nbd2 Nbd7 14. O-O Nb6
15. Be2 a5 16. Re1 Qf7 17. Bf1 a4 18. Qe2 Ra5 19. Nc4 Nxc4 20. Qxc4 Be6 21. Qb4
b6 22. c4 Rfa8 23. Rad1 a3 24. b3 Na6 25. Qd2 Bf8 26. Re2 Bb4 27. Qc2 Be7 28.
Red2 Nb4 29. Qc3 Nc6 30. Qa1 Rg8 31. Bg3 g5 32. Be2 Bc5 33. Nxe5 Nxe5 34. Bxe5
Bxf2+ 35. Kxf2 Rxe5 36. Bf3 h5 37. Rh1 Kg7 38. Qd1 h4 39. Rd8 Qe7 40. Rxg8+
Bxg8 41. Qd4 Re6 42. Re1 Bh7 43. Re2 Rd6 44. Qc3 Qe5 45. Qxe5 fxe5 46. Rc2 Rd4
47. Ke3 Kf6 48. Rd2 c5 49. Rf2 Ke7 50. Rd2 Kd6 51. Rf2 Kc6 52. Rd2 Bg6 53. Rc2
Kb7 54. Rc1 Ka6 55. Rc2 Ka5 56. Rc1 Kb4 57. Rc2 Bf7 58. Be2 Rxe4+ 59. Kd2 Bg6
60. Rc1 Rd4+ 61. Ke3 Be4 62. Bf3 Bf5 63. Be2 Re4+ 64. Kf2 Rf4+ 65. Ke3 g4 66.
hxg4 Bxg4 67. Bxg4 Rxg4 68. Rc2 e4 69. Re2 Kc3 70. Rf2 Rg3+ 71. Kxe4 Rd3 72.
Rf6 Rd2 73. Kf3 Rxa2 74. Rxb6 Rc2 0-1

[Event "III Open del Salento A"]
[Site "Gallipoli ITA"]
[Date "2014.05.19"]
[Round "4"]
[White "Bernabei, Alberto"]
[Black "Paolillo, Gaia"]
[WhiteElo "1932"]
[BlackElo "1914"]
[Result "0-1"]
[PlyCount "98"]
[EventDate "2014.05.17"]

1. e4 e5 2. Nf3 Nc6 3. d4 exd4 4. Nxd4 Bc5 5. Nb3 Bb6 6. Nc3 Nge7 7. Qe2 d6 8.
Be3 Be6 9. O-O-O Qd7 10. Kb1 O-O-O 11. Nd5 f5 12. Nxb6+ axb6 13. exf5 Nxf5 14.
Bg5 Rde8 15. Qd2 h6 16. Bf4 Qf7 17. Bb5 Rhf8 18. Bg3 Nxg3 19. fxg3 Bc4 20. Bxc4
Qxc4 21. Rhe1 Rxe1 22. Rxe1 Rf1 23. Rxf1 Qxf1+ 24. Nc1 Kd7 25. Qe2 Qxe2 26.
Nxe2 Ne5 27. Nd4 Ke7 28. Kc1 Ng4 29. Nf3 c5 30. Kd2 Ke6 31. b3 b5 32. c3 d5 33.
h3 Ne5 34. Ke3 g5 35. g4 Nxf3 36. Kxf3 Ke5 37. Ke3 d4+ 38. cxd4+ cxd4+ 39. Kd3
Kd5 40. a3 Ke5 41. a4 b4 42. a5 Kd5 43. g3 Ke5 44. h4 Kd5 45. hxg5 hxg5 46. Kd2
Ke4 47. Ke2 d3+ 48. Kd2 Kd4 49. Kd1 Kc3 0-1

[Event "III Open del Salento A"]
[Site "Gallipoli ITA"]
[Date "2014.05.19"]
[Round "4"]
[White "D'Amore, Carlo"]
[Black "Antoli Royo, Joaquin Miguel"]
[WhiteElo "2493"]
[BlackElo "2429"]
[Result "1/2-1/2"]
[PlyCount "162"]
[EventDate "2014.05.17"]

1. Nf3 c5 2. c3 Nf6 3. d4 e6 4. g3 b6 5. Bg2 Bb7 6. O-O Be7 7. Bg5 O-O 8. Nbd2
d5 9. Ne5 Nbd7 10. Ndf3 Nxe5 11. Nxe5 Nd7 12. Nxd7 Qxd7 13. Bxe7 Qxe7 14. Qa4
Rfc8 15. Rfd1 Rc7 16. Rd2 cxd4 17. Qxd4 Rc4 18. Qe5 Qc7 19. Qh5 Rc5 20. Rad1
Qe7 21. Qe5 Rc7 22. e4 dxe4 23. Bxe4 Bxe4 24. Qxe4 Rac8 25. Rd6 g6 26. Qe3 Qf6
27. h4 h5 28. R1d4 Rc4 29. Rd2 Kg7 30. Kg2 R8c7 31. Rd7 Qf5 32. a3 Qb5 33. R7d6
R7c6 34. Rd8 Rc8 35. Rxc8 Rxc8 36. Qd4+ e5 37. Qd7 Qc6+ 38. Rd5 e4 39. Qxc6
Rxc6 40. Rd7 a5 41. Re7 Rc4 42. Kf1 Kf6 43. Rb7 Rc6 44. Ke2 Ke6 45. Ke3 f5 46.
Kd4 Rd6+ 47. Kc4 Ke5 48. b4 Rc6+ 49. Kb3 axb4 50. axb4 Rd6 51. b5 Rf6 52. Re7+
Kd6 53. Re8 Kd7 54. Rg8 Kc7 55. Rg7+ Kc8 56. c4 f4 57. gxf4 Rxf4 58. Rxg6 Kb7
59. Rg7+ Kb8 60. Kc3 Rxh4 61. Rh7 Rf4 62. Rxh5 Rxf2 63. Re5 Rf4 64. Kd4 Rf7 65.
Rxe4 Rd7+ 66. Ke5 Kc7 67. Rh4 Kb7 68. Rg4 Rh7 69. Kd4 Rd7+ 70. Kc3 Rh7 71. Rg6
Rd7 72. Kb4 Rh7 73. Rg4 Rf7 74. Kc3 Rd7 75. Rg5 Rh7 76. Kd4 Rd7+ 77. Rd5 Rh7
78. Re5 Rd7+ 79. Ke4 Rh7 80. Re6 Rc7 81. Kd4 Rd7+ 1/2-1/2

[Event "III Open del Salento A"]
[Site "Gallipoli ITA"]
[Date "2014.05.19"]
[Round "4"]
[White "Delfino, Luigi"]
[Black "Nelson, Jonathan P."]
[WhiteElo "2212"]
[BlackElo "2228"]
[Result "1-0"]
[PlyCount "41"]
[EventDate "2014.05.17"]

1. e4 d6 2. d4 Nf6 3. Nc3 g6 4. f4 a6 5. Nf3 b5 6. e5 dxe5 7. fxe5 Nd5 8. Ne4
Bg7 9. a4 b4 10. Bc4 Nc6 11. Nd6+ cxd6 12. Bxd5 Bb7 13. Ng5 Rf8 14. Qf3 Nxd4
15. Bxf7+ Rxf7 16. Qxf7+ Kd7 17. e6+ Kc8 18. O-O Be5 19. Qf2 Bd5 20. Rd1 Qh8
21. Be3 1-0

[Event "III Open del Salento A"]
[Site "Gallipoli ITA"]
[Date "2014.05.19"]
[Round "4"]
[White "Di Fonzo, Valerio"]
[Black "Rudolf, Anna"]
[WhiteElo "2156"]
[BlackElo "2292"]
[Result "1/2-1/2"]
[PlyCount "81"]
[EventDate "2014.05.17"]

1. e4 e6 2. d4 d5 3. Nc3 Nf6 4. Bg5 Be7 5. e5 Nfd7 6. Bxe7 Qxe7 7. f4 O-O 8.
Nf3 c5 9. dxc5 Nc6 10. Qd2 Qxc5 11. O-O-O f6 12. exf6 Nxf6 13. Nd4 Bd7 14. g3
Rfe8 15. Nb3 Qb6 16. Bh3 a5 17. a4 Rac8 18. Kb1 Qb4 19. Qf2 Nd8 20. Rd4 Rc4 21.
Rxc4 Qxc4 22. Qc5 Bxa4 23. Qxc4 dxc4 24. Nxa5 Bc6 25. Nxc6 Nxc6 26. Nb5 e5 27.
Nd6 Re7 28. fxe5 Rxe5 29. Nxc4 Re2 30. Bf5 b5 31. Nd6 b4 32. Bd3 Rf2 33. Ne4
Nxe4 34. Bxe4 Ne5 35. Re1 Kf7 36. Bd5+ Kf6 37. h4 Rd2 38. Rf1+ Ke7 39. Be4 h6
40. Re1 Kf6 41. Rf1+ 1/2-1/2

[Event "III Open del Salento A"]
[Site "Gallipoli ITA"]
[Date "2014.05.19"]
[Round "4"]
[White "Fasiello, Andrea"]
[Black "O'Driscoll, Kieran"]
[WhiteElo "1968"]
[BlackElo "2119"]
[Result "1/2-1/2"]
[PlyCount "27"]
[EventDate "2014.05.17"]

1. e4 d5 2. exd5 Nf6 3. d4 Nxd5 4. Nf3 g6 5. c4 Nb6 6. Be2 Bg7 7. O-O O-O 8. h3
Nc6 9. Be3 e5 10. dxe5 Nxe5 11. Nxe5 Bxe5 12. Nc3 Qxd1 13. Rfxd1 Be6 14. Bd4
1/2-1/2

[Event "III Open del Salento A"]
[Site "Gallipoli ITA"]
[Date "2014.05.19"]
[Round "4"]
[White "Hegarty, Sarah N."]
[Black "Hiller, Wieland"]
[WhiteElo "2100"]
[BlackElo "1951"]
[Result "1-0"]
[PlyCount "95"]
[EventDate "2014.05.17"]

1. e4 c5 2. Nf3 e6 3. d4 cxd4 4. Nxd4 a6 5. Bd3 Qc7 6. c4 Nf6 7. Nc3 Be7 8. O-O
O-O 9. Be3 d6 10. Rc1 Nbd7 11. f4 b6 12. f5 Ne5 13. Be2 Re8 14. b3 exf5 15.
Nxf5 Bxf5 16. Rxf5 Rab8 17. Qf1 Bd8 18. Bg5 Ned7 19. b4 Re5 20. Qf3 Rxf5 21.
Qxf5 Be7 22. Rf1 Rf8 23. Rf3 g6 24. Qh3 Qd8 25. Qh4 Re8 26. Rh3 Nf8 27. Rf3
N8d7 28. Rf1 Kg7 29. Qf4 Ne5 30. h4 h5 31. Qg3 Kh7 32. c5 bxc5 33. bxc5 Kg8 34.
Bxa6 Neg4 35. Rd1 Qa5 36. Bb5 Nxe4 37. Nxe4 Qxb5 38. cxd6 Bxd6 39. Nxd6 Qb6+
40. Kf1 Ne3+ 41. Bxe3 Rxe3 42. Qf2 Qa6+ 43. Kg1 Re7 44. Rd2 Rc7 45. Ne4 Rc1+
46. Kh2 Rf1 47. Rd8+ Kh7 48. Qd4 1-0

[Event "III Open del Salento A"]
[Site "Gallipoli ITA"]
[Date "2014.05.19"]
[Round "4"]
[White "Inguscio, Giorgio"]
[Black "Zhang, Fan"]
[WhiteElo "1957"]
[BlackElo "2102"]
[Result "1-0"]
[PlyCount "145"]
[EventDate "2014.05.17"]

1. d4 d5 2. c4 c6 3. cxd5 cxd5 4. Nc3 Nc6 5. Nf3 Nf6 6. Bf4 Qb6 7. Qb3 Qxb3 8.
axb3 Bf5 9. e3 e6 10. Bb5 Nd7 11. O-O Be7 12. Rfc1 O-O 13. h3 h6 14. Na4 Rfc8
15. Nc5 Nxc5 16. dxc5 Nb4 17. Bd6 Bf6 18. Nd4 Bd3 19. Ra4 Bxb5 20. Rxb4 Ba6 21.
Ra4 Rd8 22. b4 Bd3 23. Ra3 Be4 24. f3 Bg6 25. b5 e5 26. Ne2 e4 27. Nd4 exf3 28.
gxf3 Bg5 29. f4 Bf6 30. Rca1 Rac8 31. Rxa7 b6 32. Bc7 bxc5 33. Bxd8 Rxd8 34.
Nc6 Rd6 35. Ne7+ Bxe7 36. Rxe7 Rb6 37. Ra8+ Kh7 38. Ree8 Bd3 39. Rab8 Rxb5 40.
Rxb5 Bxb5 41. Rd8 c4 42. Rxd5 Ba4 43. Rc5 Bb3 44. Kf2 Kg6 45. e4 Kf6 46. Ke3 g5
47. Rc6+ Kg7 48. f5 f6 49. Rc7+ Kg8 50. Kd4 h5 51. Ke3 Kh8 52. Kd4 Kg8 53. Kc3
h4 54. Rd7 Kf8 55. Rd2 Ke7 56. Rg2 Kd6 57. Kd4 Bd1 58. Rd2 Bb3 59. Ke3+ Ke7 60.
Kf3 Ba4 61. Rd4 Bb5 62. Rd2 Bc6 63. Rd4 Bb5 64. Rd5 Ba4 65. Rc5 Bb3 66. Ke2 Kd6
67. Ra5 Bc2 68. Kf3 Bb3 69. Ke3 Bc2 70. Kd4 Bd3 71. e5+ fxe5+ 72. Rxe5 Bf1 73.
f6 1-0

[Event "III Open del Salento A"]
[Site "Gallipoli ITA"]
[Date "2014.05.19"]
[Round "4"]
[White "Ledger, David J."]
[Black "Ashton, Adam G."]
[WhiteElo "2224"]
[BlackElo "2395"]
[Result "0-1"]
[PlyCount "88"]
[EventDate "2014.05.17"]

1. e4 e5 2. Nf3 Nc6 3. Bb5 a6 4. Ba4 Nf6 5. O-O Be7 6. Re1 b5 7. Bb3 O-O 8. h3
Bb7 9. d3 d6 10. c3 Na5 11. Bc2 c5 12. Nbd2 Re8 13. Nf1 h6 14. Ng3 Bf8 15. d4
cxd4 16. cxd4 exd4 17. Nxd4 Nc6 18. Nxc6 Bxc6 19. Bf4 Qb6 20. Qd3 Rad8 21. Rad1
d5 22. e5 Ne4 23. Be3 Bc5 24. Bxc5 Qxc5 25. Nxe4 dxe4 26. Qxd8 Rxd8 27. Rxd8+
Kh7 28. Bb3 Qe7 29. Rd2 Qxe5 30. Rc2 Qf6 31. Re3 Qd6 32. Rcc3 f5 33. Bc2 b4 34.
Rc4 Bd5 35. Rd4 Qc5 36. Rd2 Bxa2 37. Re1 Bf7 38. g4 Bg6 39. gxf5 Qxf5 40. Re3
Qg5+ 41. Kh1 a5 42. Rd1 Qf6 43. Bb3 Bh5 44. Rd2 Bf3+ 0-1

[Event "III Open del Salento A"]
[Site "Gallipoli ITA"]
[Date "2014.05.19"]
[Round "4"]
[White "Ledger, Stephen C."]
[Black "Nepi, Ezio"]
[WhiteElo "2077"]
[BlackElo "1966"]
[Result "1-0"]
[PlyCount "69"]
[EventDate "2014.05.17"]

1. d4 d5 2. Nf3 Nf6 3. Bg5 Ne4 4. Bh4 c5 5. dxc5 Qa5+ 6. c3 Qxc5 7. Nbd2 Nc6 8.
e3 Bg4 9. Be2 Nxd2 10. Qxd2 e6 11. O-O Be7 12. Bg3 O-O 13. Rac1 b5 14. Rfd1 Qb6
15. h3 Bh5 16. Ne5 Bxe2 17. Qxe2 Rfd8 18. e4 dxe4 19. Qxe4 Nxe5 20. Bxe5 Rac8
21. Qg4 g6 22. Qf4 Rc4 23. Qh6 f6 24. Bd4 Qc7 25. Qe3 Qc6 26. b3 Rcxd4 27. cxd4
Qd7 28. Re1 Kf7 29. Rcd1 Bb4 30. Re2 e5 31. d5 Rc8 32. Qe4 Bc3 33. d6 Bd4 34.
Qd5+ Kf8 35. Rxd4 1-0

[Event "III Open del Salento A"]
[Site "Gallipoli ITA"]
[Date "2014.05.19"]
[Round "4"]
[White "Livesey, R. Nigel"]
[Black "Richardt, Mike"]
[WhiteElo "1898"]
[BlackElo "1974"]
[Result "1/2-1/2"]
[PlyCount "22"]
[EventDate "2014.05.17"]

1. c4 e5 2. g3 Nf6 3. Bg2 d5 4. cxd5 Nxd5 5. Nc3 Nb6 6. Nf3 Nc6 7. O-O Be7 8.
d3 Be6 9. Be3 O-O 10. Qc1 f6 11. Ne4 Nd7 1/2-1/2

[Event "III Open del Salento A"]
[Site "Gallipoli ITA"]
[Date "2014.05.19"]
[Round "4"]
[White "Longson, Alexander"]
[Black "Callier, Christophe"]
[WhiteElo "2338"]
[BlackElo "2077"]
[Result "1-0"]
[PlyCount "37"]
[EventDate "2014.05.17"]

1. e4 d5 2. exd5 Qxd5 3. Nc3 Qd6 4. d4 Nf6 5. Nf3 a6 6. g3 Bg4 7. Bg2 Nc6 8.
O-O O-O-O 9. d5 Ne5 10. Bf4 Nxf3+ 11. Bxf3 Bxf3 12. Qxf3 e5 13. dxe6 Qxe6 14.
Bg5 Bd6 15. Rae1 Be5 16. Na4 Qd5 17. Qf5+ Nd7 18. Bxd8 g6 19. Rxe5 1-0

[Event "III Open del Salento A"]
[Site "Gallipoli ITA"]
[Date "2014.05.19"]
[Round "4"]
[White "Lyell, Mark"]
[Black "Ledger, Andrew J."]
[WhiteElo "2228"]
[BlackElo "2392"]
[Result "1-0"]
[PlyCount "109"]
[EventDate "2014.05.17"]

1. e4 c5 2. Nc3 e6 3. Nf3 a6 4. g3 b5 5. Bg2 Bb7 6. d3 Nc6 7. O-O d6 8. Be3 Nf6
9. h3 Be7 10. Qd2 O-O 11. Rae1 Rc8 12. Nh2 Re8 13. Ng4 Nxg4 14. hxg4 h6 15. a3
Bf6 16. f4 Bd4 17. Bxd4 cxd4 18. Ne2 e5 19. g5 hxg5 20. fxg5 Rc7 21. c3 dxc3
22. Nxc3 Nd4 23. Bh3 a5 24. Rf2 Bc8 25. Bxc8 Qxc8 26. Nd5 Rc2 27. Qd1 Qc5 28.
Ref1 Rxf2 29. Rxf2 Qa7 30. Qg4 Rd8 31. g6 fxg6 32. Qxg6 Rf8 33. Rxf8+ Kxf8 34.
Qxd6+ Kg8 35. Kg2 Qf7 36. Qd8+ Kh7 37. Qh4+ Kg8 38. Ne7+ Kf8 39. Nf5 Ne6 40.
Qh8+ Qg8 41. Qxg8+ Kxg8 42. Kf3 Nc7 43. Ne7+ Kf7 44. Nc6 Ke6 45. Nxa5 Kd6 46.
Ke3 Ne6 47. Nb3 g6 48. d4 exd4+ 49. Nxd4 Nc7 50. b3 Kc5 51. Kd3 Kd6 52. a4 bxa4
53. bxa4 Kc5 54. Kc3 Na6 55. Nb3+ 1-0